000 01474nam a2200229Ia 4500
003 Ost
005 20260416102358.0
008 260416s9999||||xx |||||||||||||| ||und||
040 _cfsecg
041 _aara
082 _a1.5
100 _aبن عمروش، فريدة
_eمؤلف
245 0 _aالاتجاهات النقدية في الإعلام والاتصال :
_bمطبوعة مقدمة لطلبة السنة الثانية ماستر /
_c فريدة بن عمروش
260 _aالجزائر
_bجامعة الجزائر3: كلية العلوم الإقتصادية، العلوم التجارية وعلوم التسيير
_c2019
300 _a200 ورقة
_bايضاحات
_c12 سم
504 _aالمراجع ص.187
520 _aالنظرية النقدية: الأسس النظرية،المدرسة النقدية البريطانية،المدرسة النقدية الأمريكية،نظريات التحكم بالجماهير،خصائص جمهور وسائل الإعلام وأنواع التلقي،وسائل الاتصال والمجتمع المعاصر،الإيديولوجية والمجتمع الشبكي،ديمقراطية الإعلام والاتصال،العولمة الإعلامية.
653 _aالاتصال
653 _aالاعلام
710 _aجامعة الجزائر3: كلية العلوم الإقتصادية، العلوم التجارية وعلوم التسيير
_eناشر علمي
942 _cHANDOUT
999 _c41299
_d41299